[Event "Mumbai Aurionpro GM op"]
[Site "Mumbai"]
[Date "2025.06.24"]
[Round "9"]
[White "Abheek, Bhatt"]
[Black "Kumar S, Madhesh"]
[Result "1/2-1/2"]
[WhiteElo "2061"]
[BlackElo "2243"]
[PlyCount "73"]
[EventDate "2025.06.16"]
[EventType "swiss"]
[EventRounds "9"]
[EventCountry "IND"]
[SourceTitle "CB26_2025"]
[SourceDate "2025.06.25"]
[SourceVersion "1"]
[SourceVersionDate "2025.06.25"]
[SourceQuality "1"]

1. e4 e5 2. Nf3 Nc6 3. Bb5 a6 4. Ba4 Nf6 5. d4 exd4 6. 0-0 Be7 7. e5 Ne4 8. Nxd4 Nxd4 9. Qxd4 Nc5 10. Nc3 Nxa4 11. Qxa4 0-0 12. Bf4 d5 13. exd6 Bxd6 14. Rad1 Bd7 15. Qd4 Bxf4 16. Qxf4 Rc8 17. Rfe1 Re8 18. Re4 c5 19. h3 b5 20. Qd6 Bc6 21. Rxe8+ Qxe8 22. Nd5 Bxd5 23. Rxd5 h6 24. Rxc5 Qe1+ 25. Kh2 Rxc5 26. Qxc5 Qb1 27. Qc8+ Kh7 28. Qxa6 Qxb2 29. c3 Qxf2 30. Qxb5 Qf4+ 31. Kh1 Qc1+ 32. Kh2 Qf4+ 33. Kh1 Qc1+ 34. Kh2 Qf4+ 35. Kh1 Qc1+ 36. Kh2 Qf4+ 37. Kh1 1/2-1/2